| 000 | 01684nam a22003017a 4500 | ||
|---|---|---|---|
| 999 |
_c21764 _d21764 |
||
| 003 | AR-CdUCM | ||
| 008 | 190425b ||||| |||| 00| 0 spa d | ||
| 040 |
_aMUNICIPALIDAD PROVINCIAL DEL CUSCO _cBIBLIOTECA MUNICIPAL DEL CUSCO |
||
| 082 | _aRev.Univ/N°110/1956 | ||
| 110 |
_aUniversidad Nacional de San Antonio Abad del Cusco _915942 |
||
| 245 |
_aRevista Universitaria : _bÓrgano de la Universidad del Cuzco / |
||
| 260 |
_aCusco : _bH.G. Rozas, _c1956. |
||
| 300 |
_a404 páginas. : _c20 cm. |
||
| 440 |
_aRevista Universitaria _nAño XLV, 1° semestre 1956, N°110. _946006 |
||
| 505 | _aContenido: Significado de la educación en la vida del pueblo peruano. Antonio Astete Abrill. -- Saludo al Cuzco. Luis Felipe Paredes. -- Qusqu Napaycuy. Andrés Alencastre. -- Derrotero para una ubicación de la poesía cuzqueña contemporánea. Luis Nieto. -- La jura de la constitución de 1812 en Cajamarca. Horacio Villanueva Urteaga. -- Homenaje al Dr. Francisco Sivirichi. -- Dos notas bibliografía y necrología. Luis Felipe Paredes. -- Exposición del libro del catedrático cusqueño. Colección de autores cuzqueños. Narciso Arestegui. El Padre Horán escenas de la vida cuzqueña. tomo III. | ||
| 650 |
_aEducación peruana _93585 |
||
| 650 |
_aPoesía cusqueña _92323 |
||
| 650 |
_aConstitución 1812 _946007 |
||
| 650 |
_aFrancisco Sivirichi _946008 |
||
| 650 |
_aNarciso Arestegui _945998 |
||
| 700 |
_aParedes, Luis Felipe _916077 |
||
| 700 |
_aAstete Abrill, Antonio _932447 |
||
| 700 |
_aNIeto, Luis _911864 |
||
| 700 |
_aParedes, Luis Felipe _916077 |
||
| 710 |
_aUniversidad Nacional de San Antonio Abad del Cusco _915942 |
||
| 942 |
_2ddc _cPP |
||
| 945 | _arac | ||